000 00637cab a2200217 4500
001 WB2636-32
008 090401t1990 xxu||||| |||| 00| 0 eng d
035 _a(Sirsi) u61256
041 _aeng
245 _aBattle for control divides tenants
260 _c1990
350 _a0
490 _aFinancial Times
_v10/9/90 p6
520 _aTenants on two south London council estates have begun a ballot that is crucial to the credibility of the Government`s Housing Action Trust policy.
650 _aGLOUCESTER GROVE
650 _aNORTH PECKHAM
650 _aSOUTHWARK
690 _aHOUSING
942 _n0
948 _c04/03/1997
999 _c37910
_d37910